Normal view MARC view
  • Hughes, Merlin

Entry Personal Name

Number of records used in: 1

001 - CONTROL NUMBER

  • control field: 112901

003 - CONTROL NUMBER IDENTIFIER

  • control field: NUST

005 - DATE AND TIME OF LATEST TRANSACTION

  • control field: 20230531105619.0

008 - FIXED-LENGTH DATA ELEMENTS

  • fixed length control field: 230531|| aca||aabn | a|a d

040 ## - CATALOGING SOURCE

  • Original cataloging agency: NUST
  • Transcribing agency: NUST

100 ## - HEADING--PERSONAL NAME

  • Personal name: Hughes, Merlin

670 ## - SOURCE DATA FOUND

  • Source citation: Work cat.: (NUST)194726: Hughes, Merlin, Java network programming java 2 / , 1997
© 2023 Central Library, National University of Sciences and Technology. All Rights Reserved.